Palmarès Djokovic - Statistiques

Statistiques générales
  • Ce quiz a été pris 35 fois
  • Le résultat moyen est 76 sur 80
Statistiques - réponses
Hint Réponse % Correct
Open d'Australie 2008 V
100%
Open d'Australie 2011 V
100%
Wimbledon 2011 V
100%
Us Open 2011 V
100%
Open d'Australie 2012 V
96%
Open d'Australie 2013 V
96%
Wimbledon 2014 V
96%
Open d'Australie 2015 V
96%
Wimbledon 2015 V
96%
Us Open 2015 V
96%
Open d'Australie 2016 V
96%
Roland Garros 2016 V
96%
Wimbledon 2018 V
96%
US Open 2018 V
96%
Open d'Australie 2019 V
96%
Wimbledon 2019 V
96%
Open d'Australie 2020 V
96%
Open d'Australie 2021 V
96%
Roland Garros 2021 V
96%
Wimbledon 2021 V
96%
Wimbledon 2022 V
96%
Open d'Australie 2023 V
96%
Roland Garros 2023 V
96%
US Open 2023 V
96%
JO Paris 2024 V
96%
Masters 2008 V
96%
Masters 2012 V
96%
Masters 2013 V
96%
Masters 2014 V
96%
Masters 2015 V
96%
Masters 2022 V
96%
Masters 2023 V
96%
Master 1000 Miami 2007 V
96%
Master 1000 Canada 2007 V
96%
Master 1000 Indian Wells 2008 V
96%
Master 1000 Rome 2008 V
96%
Master 1000 Paris-Bercy 2009 V
96%
Master 1000 Indian Wells 2011 V
96%
Master 1000 Miami 2011 V
96%
Master 1000 Madrid 2011 V
96%
Master 1000 Rome 2011 V
96%
Master 1000 Canada 2011 V
96%
Master 1000 Miami 2012 V
96%
Master 1000 Canada 2012 V
96%
Master 1000 Shangai 2012 V
96%
Master 1000 Monte Carlo 2013 V
96%
Master 1000 Shangai 2013 V
96%
Master 1000 Paris-Bercy 2013 V
96%
Master 1000 Indian Wells 2014 V
96%
Master 1000 Miami 2014 V
96%
Master 1000 Rome 2014 V
96%
Master 1000 Paris-Bercy 2014 V
96%
Master 1000 Indian Wells 2015 V
96%
Master 1000 Miami 2015 V
96%
Master 1000 Monte Carlo 2015 V
96%
Master 1000 Rome 2015 V
96%
Master 1000 Shangai 2015 V
96%
Master 1000 Paris-Bercy 2015 V
96%
Master 1000 Indian Wells 2016 V
96%
Master 1000 Miami 2016 V
96%
Master 1000 Madrid 2016 V
96%
Master 1000 Canada 2016 V
96%
Master 1000 Cincinnati 2018 V
96%
Master 1000 Shangai 2018 V
96%
Master 1000 Madrid 2019 V
96%
Master 1000 Paris-Bercy 2019 V
96%
Master 1000 Cincinnati 2020 V
96%
Master 1000 Rome 2020 V
96%
Master 1000 Paris-Bercy 2021 V
96%
Master 1000 Rome 2022 V
96%
Master 1000 Cincinnati 2023 V
96%
Master 1000 Paris-Bercy 2023 V
96%
Classement ATP 2011 1
86%
Classement ATP 2012 1
86%
Classement ATP 2014 1
86%
Classement ATP 2015 1
86%
Classement ATP 2018 1
86%
Classement ATP 2020 1
86%
Classement ATP 2021 1
86%
Classement ATP 2023 1
86%
Aucun quiz correspondant
Distribution des résultats
% des personnes avec chaque résultat
Percentile par nombre de réponses
Votre historique - résultats
Vous n’avez pas pris ce quiz